| 000 | 00863nam a22001937a 4500 | ||
|---|---|---|---|
| 008 | 230405s2013 xxk|||||r|||| 00| 0 eng d | ||
| 041 | _aeng | ||
| 110 | _aRoyal Institution of Chartered Surveyors | ||
| 245 |
_aMore Good Homes and a Better United Kingdom _bRICS Housing Commission Recommendations |
||
| 260 |
_aLondon, _bRoyal Institution of Chartered Surveyors, _cJune 2013 |
||
| 300 |
_a19p. _c30cm |
||
| 490 | _aRICS Policy Report | ||
| 520 | _aA report from a short-term independent Commission of sector experts seeing to generate positive recommendations for policy makers to action with regards to the challenges in the housing market. Introduction by Michael Newey, RICS President Elect. | ||
| 650 | _aHOUSING | ||
| 651 | _aUnited Kingdom | ||
| 690 |
_96215 _aAffordable housing |
||
| 710 | _aRoyal Institution of Chartered Surveyors | ||
| 942 | _n0 | ||
| 999 |
_c121455 _d121455 |
||